Statistiques concernant les pays ayant appartenu à la Suède

Cliquez ici pour prendre le quiz!

Statistiques générales

  • Ce quiz a été pris 90 fois
  • Le résultat moyen est 9 sur 13

Statistiques - réponses

HintRéponse% Correct
9Norvège
100%
2Danemark
98%
5Finlande
98%
11Russie
96%
3Estonie
95%
8Lettonie
93%
10Royaume-Uni
79%
6France
74%
12Suède
68%
4états-unis
57%
7Ghana
14%
1Bénin
8%
13Togo
6%

Distribution des résultats

Percentile par nombre de réponses

% des personnes avec chaque résultat

Votre développement - résultats

Vous n’avez pas pris ce quiz